000 00609nam a2200229Ia 4500
003 OSt
005 20220928113552.0
006 a|||||r|||| 00| 0
007 ta
008 220927b |||||||| |||| 00| 0 eng d
024 _a63389
037 _cTextual
040 _aSDCL
_cSDCL
_beng
041 _2eng
_aeng
082 _aO-,1M65:g, K5
100 _aZwerdling Alex
_9433843
245 0 _aYeats and the heroic ideal
260 _aNew York
_b New University Press
_c1965
300 _avii,196p.
_ccm.
942 _hO-,1M65:g, K5
_cTEXL
_2CC
999 _c750255
_d750255